| 000 | 01110nam0a2200313 4500 | ||
|---|---|---|---|
| 001 | RU\NLR\ONL2\2534 | ||
| 005 | 20250613124632.0 | ||
| 035 | _a(NLR Aleph) 009650135 | ||
| 090 |
_a9572284 _c9572284 |
||
| 100 | _a20040820d2001 |||y0rusy50 ca | ||
| 101 | 0 | _aady | |
| 102 | _aRU | ||
| 105 | _ay ||||||||| | ||
| 200 | 1 |
_aАдыгэ зэхэтыкIэ хабзэхэр _eЯ 5-8 кл. пае хрестоматие _f[Сост. Жэнэ Суль] |
|
| 205 | _a1-е изд. | ||
| 210 |
_aМыекъуапэ _cАдыгэ Респ. итхылъ тедзапI _d2001 |
||
| 215 |
_a222,[1] с. _d21 |
||
| 541 | 1 |
_aХрестоматия по адыгскому этикету _eПособие для учащихся 5-8 кл. _zrus |
|
| 606 | 0 |
_aЭтикет _yКавказ _92079555 _3RU\NLR\auth\661255443 |
|
| 686 | 1 | _aЮ717(2=Адыг) я7 | |
| 686 | 1 | _aТ52(241=Адыг)-73 я7 | |
| 702 | 1 |
_aЖэнэ _bС. _gСуль _4220 |
|
| 801 | 0 |
_aRU _bNLR _c20040820 _gPSBO |
|
| 852 |
_aNLR _bОНЛ _jАдыг./3-1178 |
||
| 942 | _cBOOK | ||
| 980 | _aNB | ||
| 980 | _aONL_RF | ||